Marrakesh Menara Airport Destinations (Marrakesh, Morocco) - Statistics

General Stats
  • This quiz has been taken 171 times
    72 since last reset
  • The average score is 81 of 114
Answer Stats
Airline Destination % Correct
easyJet/Transavia Amsterdam
100%
Royal Air Maroc/Ryanair/Transavia/TUI fly Belgium Brussels
98%
Royal Air Maroc/Royal Air Maroc Express Casablanca
98%
British Airways/easyJet/TUI Airways/Wizz Air London (Gatwick)
98%
British Airways London (Heathrow)
98%
easyJet London (Luton)
98%
easyJet London (Southend)
98%
Jet2.com/Ryanair London (Stansted)
98%
Air France/easyJet/Royal Air Maroc Paris (Charles de Gaulle)
98%
Royal Air Maroc/Transavia/TUI fly Belgium/Vueling Paris (Orly)
98%
Ryanair Berlin
95%
Norwegian Air Shuttle/Scandinavian Airlines Copenhagen
95%
Air Europa/Iberia/Ryanair Madrid
95%
Royal Air Maroc/Ryanair/Vueling Barcelona
93%
Aer Lingus/Ryanair Dublin
93%
easyJet/Ryanair/TAP Air Portugal Lisbon
93%
Aegean Airlines Athens
91%
Discover Airlines Frankfurt
91%
Turkish Airlines Istanbul
91%
easyJet/Jet2.com/Ryanair/TUI Airways Manchester
91%
Royal Air Maroc/Ryanair/Transavia Marseille
91%
easyJet/Ryanair/Wizz Air Milan (Malpensa)
88%
Norwegian Air Shuttle Oslo
88%
Norwegian Air Shuttle/Ryanair Stockholm (Arlanda)
88%
LOT Polish Airlines/Wizz Air Warsaw (Chopin)
88%
Qatar Airways Doha
86%
easyJet/Ryanair Edinburgh
86%
easyJet/Royal Air Maroc/Transavia/Volotea Lyon
86%
Discover Airlines Munich
86%
Air France/easyJet/Royal Air Maroc Nice
86%
TUI fly Belgium Rotterdam
86%
Ryanair Valencia
86%
Ryanair Alicante
84%
easyJet/Swiss International Air Lines Geneva
84%
easyJet Liverpool
84%
easyJet/Ryanair Porto
84%
Ryanair Rome (Ciampino)
84%
Wizz Air Rome (Fiumicino)
84%
Edelweiss Air Zürich
84%
Volotea/Vueling Bilbao
81%
Animawings/Wizz Air Bucharest (Otopeni)
81%
Ryanair/Wizz Air Budapest
81%
Ryanair Faro
81%
Norwegian Air Shuttle Helsinki
81%
Saudia Jeddah
81%
easyJet/Vueling Málaga
81%
Ryanair Seville
81%
Binter Canarias Tenerife (North)
81%
Ryanair Tenerife (South)
81%
easyJet/Royal Air Maroc/Ryanair Toulouse
81%
easyJet Basel/Mulhouse
79%
easyJet Belfast (International)
79%
easyJet/Jet2.com/TUI Airways Birmingham
79%
easyJet/Royal Air Maroc/Transavia/Volotea Bordeaux
79%
Ryanair Cologne/Bonn
79%
Eurowings Düsseldorf
79%
easyJet/Jet2.com Glasgow
79%
TUI fly Belgium/Volotea Lille
79%
Luxair Luxembourg
79%
easyJet/Ryanair Naples
79%
Ryanair Tangier
79%
Austrian Airlines Vienna
79%
easyJet/TUI Airways Bristol
74%
Binter Canarias/Ryanair Gran Canaria
74%
Ryanair Kraków
74%
TUI fly Belgium Bologna
72%
Ryanair Fès
72%
Jet2.com Leeds/Bradford
72%
easyJet/Transavia/Volotea Nantes
72%
Jet2.com Newcastle upon Tyne
72%
airBaltic Riga
72%
Transavia Sal
72%
Arkia/El Al Tel Aviv
72%
Ryanair Turin
72%
Delta Air Lines Atlanta
70%
Ryanair Charleroi
67%
Ryanair/Transavia Eindhoven
67%
Air Europa/Ryanair Palma de Mallorca
67%
Volotea Strasbourg
67%
Ryanair Bergamo
65%
Transavia Dakar (Diass)
65%
Ryanair Lanzarote
65%
Transavia Montpellier
65%
United Airlines Newark
65%
Play Reykjavik
65%
Binter Canarias Funchal
63%
European Air Charter Sofia
63%
Ryanair Pisa
60%
Ryanair Beauvais
58%
Transavia Rennes
58%
Air Transat Montréal (Trudeau)
56%
Ryanair Oujda
56%
Transavia Brest
53%
Ryanair Hahn
51%
Royal Air Maroc Medina
51%
Alexandria Airlines Sharm El Sheikh
49%
Transavia Boa Vista
47%
Ryanair Girona
47%
Ryanair Tetouan
47%
Ryanair Santander
44%
Ryanair Zaragoza
44%
Ryanair Weeze
42%
Ryanair Treviso
37%
Ryanair Perpignan
33%
Transavia Praia
28%
Ryanair La Rochelle
26%
TUI fly Belgium Metz/Nancy
23%
Ryanair Limoges
21%
Ryanair Tours
21%
Ryanair Nimes
14%
Ryanair Dole
12%
Transavia São Vicente
12%
Ryanair Errachidia
7%
Ryanair Châlons (Vatry)
2%
No matching quizzes found
Score Distribution
Percent of People with Each Score
Percentile by Number Answered
Your Score History
You have not taken this quiz since the last reset